Kur'an Sûreleri - Statistics

General Stats
  • This quiz has been taken 57 times
  • The average score is 35 of 114
Answer Stats
Sıra Sûre Adı % Correct
1. Fatiha
100%
2. Bakara
88%
114. Nas
88%
108. Kevser
84%
113. Felak
80%
105. Fil
76%
112. İhlas
76%
106. Kureyş
76%
36. Yasin
76%
107. Maun
72%
4. Nisa
68%
111. Tebbet
68%
50. Kaf
64%
109. Kafirun
64%
47. Muhammed
64%
110. Nasr
64%
87. A'lâ
56%
10. Yunus
56%
12. Yusuf
56%
3. Âl-i İmrân
52%
11. Hûd
52%
103. Asr
48%
25. Furkan
48%
24. Nur
48%
9. Tevbe
48%
96. Alak
44%
71. Nuh
44%
48. Fetih
40%
14. İbrahim
40%
97. Kadir
40%
68. Kalem
40%
5. Mâide
40%
19. Meryem
40%
55. Rahman
40%
29. Ankebut
36%
93. Duha
36%
94. İnşirah
36%
27. Neml
36%
17. İsrâ
32%
31. Lokman
32%
78. Nebe
32%
99. Zilzal
32%
15. Hicr
28%
104. Hümeze
28%
67. Mülk
28%
40. Mü'min
28%
16. Nahl
28%
38. Sad
28%
95. Tin
28%
33. Ahzab
24%
6. En'âm
24%
18. Kehf
24%
61. Saff
24%
65. Talak
24%
56. Vâkıa
24%
7. A'râf
20%
90. Beled
20%
72. Cin
20%
62. Cum'a
20%
8. Enfâl
20%
76. İnsan
20%
101. Karia
20%
23. Mü'minûn
20%
63. Münafikûn
20%
53. Necm
20%
13. Ra'd
20%
30. Rum
20%
91. Şems
20%
20. Tâ-Hâ
20%
86. Tarık
20%
102. Tekasur
20%
98. Beyyine
16%
89. Fecr
16%
41. Fussilet
16%
22. Hac
16%
69. Hakka
16%
59. Haşr
16%
49. Hucurat
16%
84. İnşikak
16%
54. Kamer
16%
28. Kasas
16%
75. Kıyamet
16%
92. Leyl
16%
58. Mücadele
16%
74. Müddessir
16%
73. Müzzemmil
16%
37. Saffat
16%
26. Şuarâ
16%
42. Şûra
16%
52. Tûr
16%
80. Abese
12%
45. Câsiye
12%
44. Duhan
12%
21. Enbiyâ
12%
35. Fatır
12%
88. Gâşiye
12%
57. Hadid
12%
70. Meâric
12%
77. Mürselat
12%
32. Secde
12%
64. Teğabün
12%
51. Zâriyat
12%
100. Adiyat
8%
46. Ahkaf
8%
85. Bürûc
8%
82. İnfitar
8%
60. Mümtehine
8%
83. Mutaffifin
8%
79. Naziat
8%
34. Sebe
8%
66. Tahrim
8%
81. Tekvir
8%
43. Zuhruf
8%
39. Zümer
8%
No matching quizzes found
Score Distribution
Percent of People with Each Score
Percentile by Number Answered
Your Score History
You have not taken this quiz